[Event "Subang Jaya op 12th"]
[Site "Subang Jaya"]
[Date "2024.01.27"]
[Round "1"]
[White "Teoh, Je Hern"]
[Black "Mohd Afif, Ainul Mardhiah"]
[Result "0-1"]
[WhiteElo "1099"]
[BlackElo "1525"]
[PlyCount "216"]
[EventDate "2024.01.27"]
[EventType "swiss"]
[EventRounds "8"]
[EventCountry "MAS"]
[SourceTitle "CB06_2024"]
[SourceDate "2024.02.07"]
[SourceVersion "1"]
[SourceVersionDate "2024.02.07"]
[SourceQuality "1"]

1. e4 e6 2. d4 d5 3. Nc3 Bb4 4. Bd3 dxe4 5. Bxe4 Nf6 6. Bg5 h6 7. Bxf6 Qxf6 8. Nf3 0-0 9. 0-0 Rd8 10. Ne2 Bd6 11. c3 c5 12. Qb3 Nc6 13. Ng3 cxd4 14. Bxc6 bxc6 15. Ne4 Qe7 16. Nxd6 Rxd6 17. Nxd4 Ba6 18. Rfe1 Qd7 19. Re5 Rd5 20. Rae1 Qc7 21. Nf3 Rb8 22. Qa3 Bd3 23. b3 Bh7 24. c4 Rd7 25. Qc5 Rbd8 26. R5e3 Qb6 27. Qh5 Bg6 28. Qg4 Bf5 29. Qh5 Bg6 30. Qg4 Bf5 31. Qh5 Qc7 32. Ne5 Rd4 33. Qf3 c5 34. h3 Rd2 35. R3e2 Rxe2 36. Qxe2 Qd6 37. Nf3 Qa6 38. Ne5 Rd6 39. Qf3 Qa5 40. Qe2 Rd2 41. Qf3 Rxa2 42. Qa8+ Kh7 43. Rf1 Qc7 44. Nf3 Rb2 45. Nh4 Bd3 46. Rd1 Qf4 47. Nf3 Be2 48. Ra1 Rxb3 49. Ne1 Bxc4 50. Qxa7 Qg5 51. Qxf7 Bd5 52. f3 Qe5 53. Rd1 Rb7 54. Qf8 Bb3 55. Rb1 c4 56. Qc8 Rc7 57. Qa6 Qd4+ 58. Kh1 e5 59. Qa5 Ra7 60. Qb4 Qf2 61. Qc3 Re7 62. Qb4 Qa7 63. Qc3 Qd4 64. Qb4 Rd7 65. Qf8 Qd6 66. Qf5+ Kg8 67. Ra1 Rd8 68. Ra7 c3 69. Qg4 Bf7 70. Qf5 Qe6 71. Qxe6 Bxe6 72. Ra1 Bb3 73. Kh2 c2 74. Kg3 Rd1 75. Nxc2 Bxc2 76. Ra5 e4 77. fxe4 Bxe4 78. Re5 Bd5 79. Re2 Kf7 80. Kf4 Be6 81. Ke5 Rd5+ 82. Ke4 Kf6 83. Rb2 Rg5 84. Rd2 h5 85. Rf2+ Rf5 86. Rb2 g5 87. Ke3 Ra5 88. Rf2+ Ke5 89. Re2 Ra2 90. Rxa2 Bxa2 91. g3 Be6 92. h4 g4 93. Kd3 Bf5+ 94. Ke3 Bg6 95. Kf2 Ke4 96. Ke2 Be8 97. Kf2 Bb5 98. Kg2 Ke3 99. Kh1 Kf2 100. Kh2 Kf3 101. Kg1 Kxg3 102. Kh1 Kxh4 103. Kh2 g3+ 104. Kg2 Kg4 105. Kg1 Kh3 106. Kh1 Bd7 107. Kg1 g2 108. Kf2 Kh2 0-1